<?xml version="1.0" encoding="UTF-8"?>
<record
    xmlns:xsi="http://www.w3.org/2001/XMLSchema-instance"
    xsi:schemaLocation="http://www.loc.gov/MARC21/slim http://www.loc.gov/standards/marcxml/schema/MARC21slim.xsd"
    xmlns="http://www.loc.gov/MARC21/slim">

  <leader>03234njm a2200385Ia 4500</leader>
  <controlfield tag="001">F0815</controlfield>
  <controlfield tag="003">IT-RoPAU</controlfield>
  <controlfield tag="005">20220918181118.0</controlfield>
  <controlfield tag="008">131025s9999    xx            000 0 und d</controlfield>
  <datafield tag="040" ind1=" " ind2=" ">
    <subfield code="a">IT-RoPAU</subfield>
  </datafield>
  <datafield tag="040" ind1=" " ind2=" ">
    <subfield code="c">IT-RoPAU</subfield>
  </datafield>
  <datafield tag="999" ind1=" " ind2=" ">
    <subfield code="c">99570</subfield>
    <subfield code="d">99570</subfield>
  </datafield>
  <datafield tag="999" ind1=" " ind2=" ">
    <subfield code="b">n.d.</subfield>
  </datafield>
  <datafield tag="100" ind1=" " ind2=" ">
    <subfield code="a">AA.VV.</subfield>
    <subfield code="9">794</subfield>
  </datafield>
  <datafield tag="100" ind1=" " ind2=" ">
    <subfield code="e">Autore musica</subfield>
    <subfield code="9">32363</subfield>
  </datafield>
  <datafield tag="100" ind1=" " ind2=" ">
    <subfield code="g">Codice autore musica SPICS: 12000</subfield>
    <subfield code="9">796</subfield>
  </datafield>
  <datafield tag="245" ind1=" " ind2=" ">
    <subfield code="a">Ein Portrait</subfield>
  </datafield>
  <datafield tag="250" ind1=" " ind2=" ">
    <subfield code="a">1a ed.</subfield>
  </datafield>
  <datafield tag="260" ind1=" " ind2=" ">
    <subfield code="a">GERMANY</subfield>
  </datafield>
  <datafield tag="260" ind1=" " ind2=" ">
    <subfield code="b">TELDEC</subfield>
    <subfield code="c">1965 [1a Ed.:1965 - Ed. Lingua Orig.: 1965]</subfield>
  </datafield>
  <datafield tag="300" ind1=" " ind2=" ">
    <subfield code="a">DISCO</subfield>
  </datafield>
  <datafield tag="500" ind1=" " ind2=" ">
    <subfield code="a">Musica classica. Musica lirica.</subfield>
  </datafield>
  <datafield tag="505" ind1=" " ind2=" ">
    <subfield code="a">Si, mi chiamano Mim&#xEC; [(tratto da La Boheme) (6:00)] - Donde lieta usc&#xEC; [(tratto da La Boheme) (4:00)] - Vissi d'arte [(tratto da Tosca.) (4:00)] - Laggi&#xF9; nel Soledad [(tratto da La fanciulla del west) (3:00)] - Un bel d&#xEC; vedremo [(tratto da Madame Butterfly) (5:00)] - Con onor muore [(tratto da Madame Butterfly) (6:00)] - Signore ascolta [(tratto da Turandot. (3:00)] - Tu che di gel sei cinta [(tratto da Turandot) (3:00)] - La mamma morta [(tratto da Andrea Chenier) (5:00)] - Io sono l'umile ancella [(tratto da Adriana Lecouvreur) (3:00)] - Poveri fiori [(tratto da Adriana Lecouvreur) (3:00)] - L'altra notte in fondo al mare [(tratto da Mefistofele) (8:00)] - Tu che la vanit&#xE0; [(tratto da Don Carlos) (11:00)] - Ecco l'orrido campo [(tratto da Un ballo in maschera) (15:00)] - Morr&#xF2;, ma prima in grazia [(tratto da Un ballo in maschera) (5:00)] -[Oh ben s'addice questo torbido cielo (tratto da La pulzella di Orleans) (5:00)] -  In questa reggia [(tratto da Turandot) (6:00)] - Suicidio! [(tratto da La Gioconda) (5:00)] - Sogno di Doretta [(tratto da La rondine) (3:00)] - Voi lo sapete o mamma [(tratto da Cavalleria rusticana) (4:00)] - Esser madre &#xE8; un inferno [(tratto da  L'Arlesiana) (5:00)]</subfield>
  </datafield>
  <datafield tag="511" ind1=" " ind2=" ">
    <subfield code="a">Coro e Orchestra di Santa Cecilia  diretta da direttori vari.</subfield>
  </datafield>
  <datafield tag="511" ind1=" " ind2=" ">
    <subfield code="a">New Philharmonia Orchestra diretta da De Fabritiis O.</subfield>
  </datafield>
  <datafield tag="650" ind1=" " ind2=" ">
    <subfield code="a">CLASSICA [DISCHI]</subfield>
    <subfield code="e">Codice MATERIA SPICS: 9950</subfield>
    <subfield code="9">1157</subfield>
  </datafield>
  <datafield tag="700" ind1=" " ind2=" ">
    <subfield code="a">Tebaldi Renata</subfield>
    <subfield code="g">Codice interprete SPICS: 43136</subfield>
    <subfield code="e">Interprete</subfield>
    <subfield code="9">32364</subfield>
  </datafield>
  <datafield tag="700" ind1=" " ind2=" ">
    <subfield code="a">Puccini Giacomo</subfield>
    <subfield code="g">Codice autore musica SPICS: 11082</subfield>
    <subfield code="e">Autore musica</subfield>
    <subfield code="p">Si, mi chiamano Mim&#xEC; - Donde lieta usc&#xEC; - Vissi d'arte - Laggi&#xF9; nel Soledad - Un bel d&#xEC; vedremo - Con onor muore - Signore ascolta - Tu che di gel sei cinta - In questa reggia - Sogno di Doretta</subfield>
    <subfield code="9">32365</subfield>
  </datafield>
  <datafield tag="700" ind1=" " ind2=" ">
    <subfield code="a">Giordano Umberto</subfield>
    <subfield code="g">Codice autore musica SPICS: 13179</subfield>
    <subfield code="e">Autore musica</subfield>
    <subfield code="p">La mamma morta</subfield>
    <subfield code="9">32366</subfield>
  </datafield>
  <datafield tag="700" ind1=" " ind2=" ">
    <subfield code="a">Cilea Francesco</subfield>
    <subfield code="g">Codice autore musica SPICS: 13779</subfield>
    <subfield code="e">Autore musica</subfield>
    <subfield code="p">Io sono l'umile ancella - Poveri fiori - Esser madre &#xE8; un inferno</subfield>
    <subfield code="9">32367</subfield>
  </datafield>
  <datafield tag="700" ind1=" " ind2=" ">
    <subfield code="a">Boito Arrigo (Gorrio Tobia=16859)</subfield>
    <subfield code="g">Codice autore musica SPICS: 8132</subfield>
    <subfield code="e">Autore musica</subfield>
    <subfield code="p">L'altra notte in fondo al mare</subfield>
    <subfield code="9">32368</subfield>
  </datafield>
  <datafield tag="700" ind1=" " ind2=" ">
    <subfield code="a">Verdi Giuseppe</subfield>
    <subfield code="g">Codice autore musica SPICS: 89</subfield>
    <subfield code="e">Autore musica</subfield>
    <subfield code="p">Tu che la vanit&#xE0; - Ecco l'orrido campo - Morr&#xF2;, ma prima in grazia - Oh ben s'addice questo torbido cielo</subfield>
    <subfield code="9">32369</subfield>
  </datafield>
  <datafield tag="700" ind1=" " ind2=" ">
    <subfield code="a">Ponchielli Amilcare</subfield>
    <subfield code="g">Codice autore musica SPICS: 13061</subfield>
    <subfield code="e">Autore musica</subfield>
    <subfield code="p">Suicidio!</subfield>
    <subfield code="9">32370</subfield>
  </datafield>
  <datafield tag="700" ind1=" " ind2=" ">
    <subfield code="a">Mascagni Pietro</subfield>
    <subfield code="g">Codice autore musica SPICS: 11012</subfield>
    <subfield code="e">Autore musica</subfield>
    <subfield code="p">Voi lo sapete o mamma</subfield>
    <subfield code="9">32371</subfield>
  </datafield>
  <datafield tag="942" ind1=" " ind2=" ">
    <subfield code="c">MD</subfield>
    <subfield code="2">ddc</subfield>
  </datafield>
  <datafield tag="952" ind1=" " ind2=" ">
    <subfield code="0">0</subfield>
    <subfield code="1">0</subfield>
    <subfield code="4">0</subfield>
    <subfield code="6">F_0815_000000000000000</subfield>
    <subfield code="7">1</subfield>
    <subfield code="a">SPICS</subfield>
    <subfield code="b">SPICS</subfield>
    <subfield code="d">2013-10-25</subfield>
    <subfield code="l">0</subfield>
    <subfield code="o">F0815</subfield>
    <subfield code="r">2013-10-25 00:00:00</subfield>
    <subfield code="w">2013-10-25</subfield>
    <subfield code="y">MD</subfield>
    <subfield code="z">Progr. Ins.: 3352 / N.Vol.: 1 / Copie: 1 - Copia rara: n.d. / date import: 01.01.2014 - By Epidotti, Trombetti, Vaglietti</subfield>
  </datafield>
</record>
